000
003000000a22001450004500
003
MACL
040
_a
MACL
090
_c
39575
_d
39573
100
_a
Scott, Sir Walter
245
_a
Kenilworth
260
_b
Orient Longmans Ltd
_c
1953
350
_a
2
650
_a
Literature
942
_c
BOOK
_k
800/SCO
999
_c
39143
_d
39143